Normal view
MARC view
- اختصار وتحقيق الصابوني، محمد علي
Entry Personal Name
001 - CONTROL NUMBER
- control field: 62101
003 - CONTROL NUMBER IDENTIFIER
- control field: JO-AjAnu
005 - DATE AND TIME OF LATEST TRANSACTION
- control field: 20230606084138.0
008 - FIXED-LENGTH DATA ELEMENTS
- fixed length control field: 230606|| aca||aabn | a|a d
040 ## - CATALOGING SOURCE
- Original cataloging agency: JO-AjAnu
- Transcribing agency: JO-AjAnu
100 ## - HEADING--PERSONAL NAME
- Personal name: اختصار وتحقيق الصابوني، محمد علي
670 ## - SOURCE DATA FOUND
- Source citation: Work cat.: (JO-AjAnu)31672: اختصار وتحقيق الصابوني، محمد علي , author, مختصر تفسير ابن كثير: مختصر لتفسير الامام الجليل الحافظ عماد الدين ابي الفداء اسماعيل بن كثير الدمشقي المتوفي سنة 774 هـ، مج2